000 00297nam a22001337a 4500
008 170328b xxu||||| |||| 00| 0 eng d
020 _a9781617030451
041 _aeng
080 _a796.3
100 _a8
101 _aSHM
245 _aSPORTS AND THE RACIAL DIVIDE
_cLOMAX.M./E
942 _2udc
_cBK
999 _c8881
_d8881